000 00472nam a22001457a 4500
020 _qHard Cover.
040 _cSINES-NUST.
082 _a570.2
_bALV
100 _aTayyaba Alvi
_992587
245 _aIdentifying Genes and Pathways as an underlying cause of Inverse Comorbidity between Cancer and Alzheimer's Disease /
_cAlvi, Tayyaba
260 _aIslamabad:
_bSINES-NUST,
_c2022.
300 _a87 p. :
_bill. ;
_c30cm.
650 _xMS-BioInformatics.
942 _2ddc
_cTHE
999 _c590268
_d590268